000 01122na a2200277 4500
001 13012
003 MIRAKIL
005 20181213155026.0
008 160930b tu 000 0
035 _a13012
040 _aMilas
_btur
_cTR-AnCHP
041 _atur
082 _a297.65
_bH21 2012
090 _a297.65 H21 2012
245 _aHacı Bayrâm-ı Velî
_bbayramım şimdi = I'm in bayram now
_cAnkara Büyükşehir Belediyesi
246 _aI'm in bayram now
246 _aHacı Bayramı Veli
260 _a[İstanbul]
_bTÜRKKAD
_c2012
300 _a62 s.
_bres.
_c22x22 sm.
500 _aArka kapakta bilgi : "14-16 Aralık 2012 tarihleri arasında Ankara Büyükşehir Belediyesiyle birlikte düzenlenen Hacı Bayram-ı Veli Uluslararası Smepozyuu için TÜRKKAD İstanbul Şubesi tarafından hazırlanmıştır."
600 _aAkşemseddin
_d1389-1459
_xYaşamöyküsü
600 _aHacı Bayramı Veli
_cBayramiyye tarikatının kurucusu
_d1352-1429
_xYaşamöyküsü
650 _aİslam dini
_xTarikatlar
_yBayramiyye tarikatı
_zTürkiye
650 _aDin önderleri
_xTasavvuf
942 _2dcc
_cBKS
999 _c5078
_d5078